<?xml version='1.0' encoding='UTF-8'?>
  <record xmlns="http://www.loc.gov/MARC21/slim">
    <leader>00000cam a22000007i 4500</leader>
    <controlfield tag="001">ocm54904063</controlfield>
    <controlfield tag="003">OCoLC</controlfield>
    <controlfield tag="005">20251105104146.0</controlfield>
    <controlfield tag="008">960618s1545    gw            100 0 lat d</controlfield>
    <datafield tag="040" ind1=" " ind2=" ">
      <subfield code="a">EQO</subfield>
      <subfield code="b">eng</subfield>
      <subfield code="e">rda</subfield>
      <subfield code="e">dcrmr</subfield>
      <subfield code="c">EQO</subfield>
      <subfield code="d">OCLCQ</subfield>
      <subfield code="d">QGJ</subfield>
      <subfield code="d">OCLCQ</subfield>
      <subfield code="d">OCLCO</subfield>
      <subfield code="d">OCLCL</subfield>
      <subfield code="d">QGJ</subfield>
    </datafield>
    <datafield tag="035" ind1=" " ind2=" ">
      <subfield code="a">(OCoLC)54904063</subfield>
    </datafield>
    <datafield tag="100" ind1="1" ind2=" ">
      <subfield code="a">Wied, Hermann von,</subfield>
      <subfield code="d">1477-1552,</subfield>
      <subfield code="e">author.</subfield>
      <subfield code="4">aut</subfield>
      <subfield code="1">https://id.oclc.org/worldcat/entity/E39PBJpJhKyk8pqpqBqwh7RR8C</subfield>
    </datafield>
    <datafield tag="245" ind1="1" ind2="0">
      <subfield code="a">Reuerendissimi in Christo Patris ac domini domini Hermanni, sanctae Coloniensis Ecclesiae Archiepiscopi, sacri Romani Imperii per Italiam Archicancellarii, Principis Electoris, Westphaliae &amp; Angariae Ducis, Legatiquè nati, &amp; Administratoris Ecclesiae Paderbornensis, Appellatio contra certos quosdam homines ex Venerabili Capitulo Coloniensi, Clero item &amp; Vniuersitate, eoru[m]què praesumpta siue grauamina, siue appellationem, nuper interposita, ex qua pius lector cognoscet, quicquid à praedicto Archiepiscopo pro augenda &amp; amplificanda gloria Dei, eiusq[ue] Ecclesia ritè &amp; sanctè administranda piè suscipitur, uniuersum illud à quibusdam aduersariis parum liberaliter in criminationes adduci.</subfield>
    </datafield>
    <datafield tag="246" ind1="3" ind2=" ">
      <subfield code="a">Reverendissimi in Christo Patris ac domini domini Hermanni ... Appellatio contra certos quosdam homines ex Venerabili Capitulo Coloniensi</subfield>
    </datafield>
    <datafield tag="246" ind1="1" ind2="0">
      <subfield code="a">Appellatio contra certos, quosdam homines ex venerabibli capitulo Coloniensi, clero item &amp; vniuersitate, eorumquè praesumpta siue grauamina, siue appellationem, nuper interposita</subfield>
    </datafield>
    <datafield tag="264" ind1=" " ind2="1">
      <subfield code="a">[Bonn] :</subfield>
      <subfield code="b">[Laurenz von der Mülen],</subfield>
      <subfield code="c">Anno M.D.XLV. [1545]</subfield>
    </datafield>
    <datafield tag="300" ind1=" " ind2=" ">
      <subfield code="a">[12] leaves ;</subfield>
      <subfield code="c">31 cm (folio)</subfield>
    </datafield>
    <datafield tag="336" ind1=" " ind2=" ">
      <subfield code="a">text</subfield>
      <subfield code="b">txt</subfield>
      <subfield code="2">rdacontent</subfield>
    </datafield>
    <datafield tag="337" ind1=" " ind2=" ">
      <subfield code="a">unmediated</subfield>
      <subfield code="b">n</subfield>
      <subfield code="2">rdamedia</subfield>
    </datafield>
    <datafield tag="338" ind1=" " ind2=" ">
      <subfield code="a">volume</subfield>
      <subfield code="b">nc</subfield>
      <subfield code="2">rdacarrier</subfield>
    </datafield>
    <datafield tag="340" ind1=" " ind2=" ">
      <subfield code="m">folio</subfield>
      <subfield code="2">rdabf</subfield>
    </datafield>
    <datafield tag="500" ind1=" " ind2=" ">
      <subfield code="a">Printed in Bonn by Laurenz von der Mülen (VD 16).</subfield>
    </datafield>
    <datafield tag="500" ind1=" " ind2=" ">
      <subfield code="a">Signatures: A-B⁶.</subfield>
    </datafield>
    <datafield tag="500" ind1=" " ind2=" ">
      <subfield code="a">With a woodcut initial.</subfield>
    </datafield>
    <datafield tag="500" ind1=" " ind2=" ">
      <subfield code="a">Coat of arms of Archbishop-Elector Hermann V von Wied of Cologne on title page.</subfield>
    </datafield>
    <datafield tag="500" ind1=" " ind2=" ">
      <subfield code="a">Edited by Joannes Rutgeri de Arwiler (leaf B6 recto).</subfield>
    </datafield>
    <datafield tag="510" ind1="4" ind2=" ">
      <subfield code="a">Verzeichnis der im deutschen Sprachbereich erschienenen Drucke des 16. Jahrhunderts (VD 16),</subfield>
      <subfield code="c">K 1729</subfield>
      <subfield code="u">https://gateway-bayern.de/VD16+K+1729</subfield>
    </datafield>
    <datafield tag="700" ind1="1" ind2=" ">
      <subfield code="a">Mülen, Laurenz von der,</subfield>
      <subfield code="d">active 1539-1553,</subfield>
      <subfield code="e">printer.</subfield>
      <subfield code="4">prt</subfield>
      <subfield code="1">https://id.oclc.org/worldcat/entity/E39PCjFkD4D4V37kXgp7y99HJC</subfield>
    </datafield>
    <datafield tag="700" ind1="1" ind2=" ">
      <subfield code="a">Ahrweiler, Johann Rutgers von,</subfield>
      <subfield code="e">editor.</subfield>
      <subfield code="4">edt</subfield>
      <subfield code="1">https://id.oclc.org/worldcat/entity/E39PCjKXmTMgfTK8PgtJGt3XJP</subfield>
    </datafield>
    <datafield tag="752" ind1=" " ind2=" ">
      <subfield code="a">Germany</subfield>
      <subfield code="d">Bonn,</subfield>
      <subfield code="e">publication place.</subfield>
      <subfield code="4">pup</subfield>
    </datafield>
  </record>